Normal view
MARC view
Entry Personal Name
001 - CONTROL NUMBER
- control field: 32468
003 - CONTROL NUMBER IDENTIFIER
- control field: ARRUPE
005 - DATE AND TIME OF LATEST TRANSACTION
- control field: 20170612093132.0
008 - FIXED-LENGTH DATA ELEMENTS
- fixed length control field: 170612|| aca||aabn | a|a d
040 ## - CATALOGING SOURCE
- Original cataloging agency: ARRUPE
- Transcribing agency: ARRUPE
100 ## - HEADING--PERSONAL NAME
- Personal name: Ekwuru, Emeka George.
670 ## - SOURCE DATA FOUND
- Source citation: Work cat.: (ARRUPE)58531: Ekwuru, Emeka George., The Pangs of an African culture in travail :, 1999.